MARC details
| 000 -LEADER |
| fixed length control field |
01123cam a2200337 i 4500 |
| 001 - CONTROL NUMBER |
| control field |
200131098 |
| 003 - CONTROL NUMBER IDENTIFIER |
| control field |
TR-AnTOB |
| 005 - DATE AND TIME OF LATEST TRANSACTION |
| control field |
20250210104833.0 |
| 007 - PHYSICAL DESCRIPTION FIXED FIELD--GENERAL INFORMATION |
| fixed length control field |
ta |
| 008 - FIXED-LENGTH DATA ELEMENTS--GENERAL INFORMATION |
| fixed length control field |
140509s2013 tu 000 0 tur d |
| 020 ## - INTERNATIONAL STANDARD BOOK NUMBER |
| International Standard Book Number |
9789753425599 |
| 040 ## - CATALOGING SOURCE |
| Original cataloging agency |
TR-AnTOB |
| Language of cataloging |
eng |
| Description conventions |
rda |
| Transcribing agency |
TR-AnTOB |
| 041 1# - LANGUAGE CODE |
| Language code of text/sound track or separate title |
Türkçe |
| Language code of original |
eng |
| 050 00 - LIBRARY OF CONGRESS CALL NUMBER |
| Classification number |
B3376 .W563 |
| Item number |
T7319 2013 |
| 090 ## - LOCALLY ASSIGNED LC-TYPE CALL NUMBER (OCLC); LOCAL CALL NUMBER (RLIN) |
| Classification number (OCLC) (R) ; Classification number, CALL (RLIN) (NR) |
B3376 .W563 |
| Local cutter number (OCLC) ; Book number/undivided call number, CALL (RLIN) |
T7319 2013 |
| 100 1# - MAIN ENTRY--PERSONAL NAME |
| Personal name |
Wittgenstein, Ludwig, |
| Dates associated with a name |
1889-1951 |
| 9 (RLIN) |
95011 |
| 240 10 - UNIFORM TITLE |
| Uniform title |
Tractatus logico-philosophicus |
| Language of a work |
Turkish. |
| 245 10 - TITLE STATEMENT |
| Title |
Tractatus logico-philosophicus / |
| Statement of responsibility, etc. |
Ludwig Wittgenstein ; çeviren: Oruç Aruoba. |
| 250 ## - EDITION STATEMENT |
| Edition statement |
Yedinci Basım: Ekim 2013 |
| 264 #1 - PRODUCTION, PUBLICATION, DISTRIBUTION, MANUFACTURE, AND COPYRIGHT NOTICE |
| Place of production, publication, distribution, manufacture |
İstanbul : |
| Name of producer, publisher, distributor, manufacturer |
Metis, |
| Date of production, publication, distribution, manufacture, or copyright notice |
2013. |
| 300 ## - PHYSICAL DESCRIPTION |
| Extent |
190 pages ; |
| Dimensions |
21 cm |
| 336 ## - CONTENT TYPE |
| Content type term |
text |
| Content type code |
txt |
| Source |
rdacontent |
| 337 ## - MEDIA TYPE |
| Media type term |
unmediated |
| Media type code |
n |
| Source |
rdamedia |
| 338 ## - CARRIER TYPE |
| Carrier type term |
volume |
| Carrier type code |
nc |
| Source |
rdacarrier |
| 600 10 - SUBJECT ADDED ENTRY--PERSONAL NAME |
| Personal name |
Wittgenstein, Ludwig, |
| Dates associated with a name |
1889-1951 |
| 9 (RLIN) |
95011 |
| 650 #7 - SUBJECT ADDED ENTRY--TOPICAL TERM |
| Topical term or geographic name entry element |
Mantık, Sembolik ve matematiksel |
| Source of heading or term |
etuturkob |
| 9 (RLIN) |
14118 |
|
| Topical term or geographic name entry element |
Dil ve diller |
| General subdivision |
Felsefe |
| Source of heading or term |
etuturkob |
| 9 (RLIN) |
95015 |
| 700 1# - ADDED ENTRY--PERSONAL NAME |
| Personal name |
Aruoba, Oruç |
| Relator term |
translator |
| 9 (RLIN) |
53943 |
| 942 ## - ADDED ENTRY ELEMENTS (KOHA) |
| Koha item type |
Book |
| Source of classification or shelving scheme |
Library of Congress Classification |